| 000 | 00750nam a2200241 a 4500 | ||
|---|---|---|---|
| 001 | BRL_409 | ||
| 005 | 20190320210729.0 | ||
| 008 | 070813s1958----mx-a######---#000-0#spa-# | ||
| 041 | _aspa | ||
| 044 | _amx | ||
| 050 | 4 |
_aF1219 _b.M66 10 1958 |
|
| 100 | 1 |
_aNoguera, Eduardo _919544 |
|
| 245 | 1 | 0 |
_aReconocimiento Arqueológico en Sonora _cEduardo Noguera. |
| 260 |
_aMéxico _bInstituto Nacional de Antropología e Historia _c1958 |
||
| 300 |
_a29 p. _bil., mapas _c23 cm. |
||
| 440 | 0 |
_aDirección de monumentos pre-hispanicos _pInformes _v10 _923828 |
|
| 500 | _aAu426 | ||
| 500 | _aBibliografía: p. 29 | ||
| 650 | 1 | 4 |
_aIndígenas de México _zSonora _923829 |
| 651 | 4 |
_aSonora (México) _xAntigüedades _923830 |
|
| 902 | _aGRL | ||
| 942 |
_2lcc _cB |
||
| 999 |
_c9222 _d9222 |
||